77 dream songs.

Saved in:
Bibliographic Details
Main Author: Berryman, John, 1914-1972
Format: Book
Language:English
Published: N.Y. : Farrar, Straus and Giroux, 1959.
LEADER 00734nam a22002171a 4500
001 c000199913
003 CARM
005 20021125001900.0
008 851029s1959 nyu 00000 eng d
019 1 |a 4024617  |5 LACONCORD2021 
035 |a (OCoLC)216316656  |5 LACONCORD2021 
040 |d APLS 
100 1 |a Berryman, John,  |d 1914-1972. 
245 1 0 |a 77 dream songs. 
260 |a N.Y. :  |b Farrar, Straus and Giroux,  |c 1959. 
300 |a 98pp. 
740 0 |a Seventy seven dream songs. 
852 8 |b CARM  |h A2:AN23A0  |i B06372  |p 0296548  |f BK 
082 0 4 |a 811.5 
999 f f |i 3cc428d0-dcb9-58ef-8c16-68b84c906ff6  |s 560395f7-e812-58ed-9d49-ecbd5bf66ee4 
952 f f |p Can circulate  |a CAVAL  |b CAVAL  |c CAVAL  |d CARM 1 Store  |e B06372  |f A2:AN23A0  |h Other scheme  |i book  |m 0296548